II Sínodo : documento conclusivo de las asambleas sinodales [de la] Arquidiócesis de México /
El sínodo diocesano es la asamblea presidida por el obispo donde participan el presbiterio y algunos fieles católicos para reflexionar sobre lo que mejor conviene a la comunidad diocesana. El primer sínodo de la Arquidiócesis de México, se celebró en 1945 siendo arzobispo Luis María Martínez; este s...
保存先:
| 団体著者: | |
|---|---|
| フォーマット: | 会議録 図書 |
| 言語: | スペイン語 |
| 主題: | |
| タグ: |
タグなし, このレコードへの初めてのタグを付けませんか!
|
MARC
| LEADER | 00000nam^a2200000^a^4500 | ||
|---|---|---|---|
| 001 | 000275715 | ||
| 005 | 20250521000000.0 | ||
| 009 | 20260310111239.249 | ||
| 025 | |a Donación Jesús Vergara Aceves, 1 ejemplar | ||
| 037 | |a Acervo Xavier Clavigero | ||
| 041 | |a ESP | ||
| 082 | |a 282. 72 |b SIN MEX 1992-dcv | ||
| 111 | |a Sínodo Diocesano ( |n 2° : |d 1992 : |c Arquidiócesis de México) | ||
| 245 | 1 | 0 | |a II Sínodo : |b documento conclusivo de las asambleas sinodales [de la] Arquidiócesis de México / |
| 264 | |a México : |b Arquidiócesis de México, |c 1992 | ||
| 300 | |a 279 p. | ||
| 336 | |a texto |b txt |2 rdacontenido | ||
| 337 | |a sin mediación |b n |2 rdamedio | ||
| 338 | |a volumen |b nc |2 rdasoporte | ||
| 520 | |a El sínodo diocesano es la asamblea presidida por el obispo donde participan el presbiterio y algunos fieles católicos para reflexionar sobre lo que mejor conviene a la comunidad diocesana. El primer sínodo de la Arquidiócesis de México, se celebró en 1945 siendo arzobispo Luis María Martínez; este segundo, es convocado por el arzobispo y cardenal Ernesto Corripio Ahumada, con la finalidad de responder pastoralmente a los desafíos de las múltiples problemáticas de la Ciudad de México. El presente documento recoge las conclusiones del sínodo. | ||
| 649 | |a XX | ||
| 650 | |a Teología Pastoral - |z México (D.F) | ||
| 650 | |a Concilios y Sínodos Diocesanos - |z México (D.F.) - |x Tema Principal | ||
| 650 | |a Iglesia Católica en México (D.F) | ||
| 650 | |a Catolicismo - |z México (D.F) | ||
| 650 | |a Cristianismo - |z México (D.F) | ||
| 650 | |a Religión - |z México (D.F) | ||
| 910 | |a Fondo Jesús Vergara Aceves S.J. | ||
| 920 | |a Impresos - Libros | ||
| 930 | |a Fondos Especiales | ||
| 905 | |a 119 | ||
| 901 | |a 0500160813 |b IT2 |c ESP |i D |u 20250521 | ||
| 902 | |a https://opac.biblio.iteso.mx/vufind/Record/000275715 | ||